[Event "Lazy Baltic Pearl op 14th"]
[White "Zarebska, Lena"]
[Black "Topola, Rafal"]
[Site "Lazy"]
[Round "3"]
[Result "1-0"]
[Date "2018.06.26"]
[WhiteElo "1817"]
[BlackElo "1570"]
[PlyCount "67"]
[EventDate "2018.06.24"]
[EventType "swiss"]
[EventRounds "9"]
[EventCountry "POL"]
[SourceTitle "CBM 185 Extra"]
[Source "ChessBase"]
[SourceDate "2018.07.29"]
[SourceVersion "1"]
[SourceVersionDate "2018.07.29"]
[SourceQuality "1"]

1. e4 c5 2. Nf3 e6 3. d4 cxd4 4. Nxd4 Nc6 5. Nc3 Qc7 6. Be3 a6 7. Bd3 Nf6 8. 0-0 Be7 9. Nxc6 bxc6 10. f4 d5 11. e5 Nd7 12. Qg4 g6 13. Na4 c5 14. c4 d4 15. Bd2 Bb7 16. Rae1 Rb8 17. b3 h5 18. Qh3 Nb6 19. Ba5 Bc6 20. Bxb6 Rxb6 21. Nxb6 Qxb6 22. Bxg6 fxg6 23. Qxe6 Kf8 24. f5 g5 25. f6 Bd8 26. Qd6+ Kg8 27. f7+ Kg7 28. f8Q+ Rxf8 29. Qxf8+ Kg6 30. Rf7 h4 31. Qg7+ Kh5 32. Qh7+ Kg4 33. Qf5+ Kh5 34. Rh7# 1-0